009430000a22002650004500003001100000005001700011008004100028020001500069040003900084041000800123082001700131100001600148242004400164245006500208260002800273300005000301650003900351650002200390700003600412700002500448942000700473952009200480952009200572999001300664LK-CoMWRAF20231120150504.0230817t2003 ||||| |||| 00| 0 eng d a9558736023 aLK-CoMWRAFdLK-CoMWRAFeLK-CoMWRAF aeng a320.954bMEY aMeyer, Eric aEntre particularismes et mondialisation aSri Lanka, biography of an island : bbetween local & global aNegombo:bViator,c2003 a229 p. : maps ; 22 cm.bBibliography included aSri Lanka--Politics and government aSri Lanka-History aSegond-Baldwin, Kristieetrans. aHalpē, Ashleyeed. cBK 00104070aMAINbMAINd2023-08-17l0o320.954 MEYpRAF3100r2023-08-17w2023-08-17yBK 00104070aMAINbMAINd2023-11-20l0o320.954 MEYpRAF3101r2023-11-20w2023-11-20yBK c837d837